[Event "España Tch-Primera Division Sur"]
[Site "Santa Cruz de Tenerife ESP"]
[Date "2006.08.23"]
[Round "1"]
[White "Cabezas Ayala, Ivan"]
[Black "Korneev, Oleg"]
[Result "0-1"]
[WhiteElo "2337"]
[BlackElo "2638"]
[PlyCount "56"]
[EventDate "2006.08.23"]
[EventType "team"]
[EventRounds "2"]
[EventCountry "ESP"]
[Source "lmi"]
[SourceDate "2006.08.23"]
[WhiteTeam "C.A. MAGIC - B"]
[BlackTeam "C.C.A. CAJA GENERAL DE AHORROS DE CANARIAS"]

1. e4 c5 2. Nf3 e6 3. d4 cxd4 4. Nxd4 a6 5. Nc3 Qc7 6. Be2 b5 7. O-O Bb7 8. f4
b4 9. Na4 Bxe4 10. Bd3 Bxd3 11. Qxd3 Nf6 12. Re1 Be7 13. f5 e5 14. Qg3 d6 15.
Qxg7 Rg8 16. Qh6 Nbd7 17. Qe3 Rc8 18. c3 Qa5 19. b3 Nd5 20. Qe2 exd4 21. c4 Ne5
22. cxd5 d3 23. Qe4 Rc2 24. Bf4 Rgxg2+ 25. Kh1 Rg4 26. f6 Rxf4 27. Qxf4 Qxd5+
28. Re4 Re2 0-1

[Event "España Tch-Primera Division Sur"]
[Site "Santa Cruz de Tenerife ESP"]
[Date "2006.08.23"]
[Round "1"]
[White "Aleksandrov, Aleksej"]
[Black "Garcia Romero, Benjamin Abel"]
[Result "1-0"]
[WhiteElo "2627"]
[BlackElo "2164"]
[PlyCount "45"]
[EventDate "2006.08.23"]
[EventType "team"]
[EventRounds "2"]
[EventCountry "ESP"]
[Source "lmi"]
[SourceDate "2006.08.23"]
[WhiteTeam "C.C.A. CAJA GENERAL DE AHORROS DE CANARIAS"]
[BlackTeam "C.A. MAGIC - B"]

1. d4 e6 2. c4 d5 3. Nc3 Be7 4. cxd5 exd5 5. Bf4 Nf6 6. e3 Bf5 7. f3 Nc6 8. g4
Be6 9. a3 a6 10. Bd3 g6 11. Nge2 Qd7 12. Qc2 O-O-O 13. Na4 h5 14. g5 Ne8 15.
Rc1 Bf5 16. e4 dxe4 17. fxe4 Bd6 18. Bxd6 Qxd6 19. exf5 Nxd4 20. Qc5 Nf3+ 21.
Kf2 Qxd3 22. Qa7 Rd6 23. Qa8+ 1-0

[Event "España Tch-Primera Division Sur"]
[Site "Santa Cruz de Tenerife ESP"]
[Date "2006.08.23"]
[Round "1"]
[White "Mateos Gomez, Juan Francisco"]
[Black "San Segundo Carrillo, Pablo"]
[Result "1/2-1/2"]
[WhiteElo "2105"]
[BlackElo "2536"]
[PlyCount "51"]
[EventDate "2006.08.23"]
[EventType "team"]
[EventRounds "2"]
[EventCountry "ESP"]
[Source "lmi"]
[SourceDate "2006.08.23"]
[WhiteTeam "C.A. MAGIC -  B"]
[BlackTeam "C.C.A. CAJA GENERAL DE AHORROS DE CANARIAS"]

1. g3 d5 2. Bg2 c6 3. Nf3 Bg4 4. d3 Nf6 5. Nbd2 Nbd7 6. h3 Bh5 7. g4 Bg6 8. Nh4
e6 9. Ndf3 Bd6 10. c4 dxc4 11. Nxg6 hxg6 12. dxc4 Qa5+ 13. Kf1 Qc7 14. Qc2 Rd8
15. a3 a5 16. Rb1 c5 17. b3 Ne5 18. Ng5 Nc6 19. e3 Qd7 20. Ke2 Be5 21. Bd2 O-O
22. Bxc6 Qxc6 23. Rbg1 Rd7 24. f4 Rfd8 25. Bxa5 Bc7 26. Bc3 1/2-1/2

[Event "España Tch-Primera Division Sur"]
[Site "Santa Cruz de Tenerife ESP"]
[Date "2006.08.23"]
[Round "1"]
[White "Moreno Carnero, Javier"]
[Black "Encinas Encinas, Alvaro"]
[Result "1-0"]
[WhiteElo "2509"]
[BlackElo "2133"]
[PlyCount "41"]
[EventDate "2006.08.23"]
[EventType "team"]
[EventRounds "2"]
[EventCountry "ESP"]
[Source "lmi"]
[SourceDate "2006.08.23"]
[WhiteTeam "C.C.A. CAJA GENERAL DE AHORROS DE CANARIAS"]
[BlackTeam "C.A. MAGIC - B"]

1. e4 c5 2. Nf3 d6 3. d4 cxd4 4. Nxd4 Nf6 5. Nc3 a6 6. g3 e5 7. Nb3 Be6 8. Bg2
Be7 9. a4 Qc7 10. O-O Nbd7 11. Re1 Rc8 12. Nd2 h5 13. Nf1 Bg4 14. Qd3 h4 15.
Ne3 Nc5 16. Qf1 Qd7 17. Nxg4 Nxg4 18. Bh3 f5 19. exf5 Nf6 20. g4 g5 21. fxg6
1-0

[Event "España Tch-Primera Division Sur"]
[Site "Santa Cruz de Tenerife ESP"]
[Date "2006.08.23"]
[Round "1"]
[White "Gurevich, Mikhail"]
[Black "De la Cruz Sanchez, C Gustavo"]
[Result "1/2-1/2"]
[WhiteElo "2643"]
[BlackElo "2249"]
[PlyCount "110"]
[EventDate "2006.08.23"]
[EventType "team"]
[EventRounds "2"]
[EventCountry "ESP"]
[Source "lmi"]
[SourceDate "2006.08.23"]
[WhiteTeam "C.A. CAJA INSULAR DE AHORROS"]
[BlackTeam "C.A. ISLA BONITA - CAJACANARIAS"]

1. d4 Nf6 2. c4 g6 3. Nc3 Bg7 4. e4 d6 5. Nf3 O-O 6. Be2 e5 7. O-O Na6 8. Be3
Ng4 9. Bg5 Qe8 10. dxe5 dxe5 11. h3 h6 12. Bd2 Nf6 13. Be3 Qe7 14. Nd5 Qd8 15.
Nxf6+ Qxf6 16. a3 Nb8 17. b4 Nc6 18. Ra2 Rd8 19. Rd2 Be6 20. Re1 Rxd2 21. Qxd2
Rd8 22. Qc1 Nd4 23. Bxd4 exd4 24. Bd3 Qe7 25. c5 b6 26. Qc2 a5 27. Rc1 axb4 28.
axb4 Ra8 29. e5 Ra3 30. cxb6 cxb6 31. Nxd4 Bd5 32. Be4 Qxe5 33. Bxd5 Qxd5 34.
Qc8+ Kh7 35. Nf3 Rb3 36. Qc4 Qxc4 37. Rxc4 Bf8 38. Ne5 Rb1+ 39. Kh2 Rxb4 40.
Rc6 Kg7 41. f4 Rxf4 42. Rxb6 Rf6 43. Rxf6 Kxf6 44. Nd7+ Ke7 45. Nc5 h5 46. Kg3
Bg7 47. Kf3 Kd6 48. Ne4+ Ke5 49. g4 hxg4+ 50. hxg4 Bh6 51. Nc5 Bg5 52. Ne4 Be7
53. Ng3 f6 54. Ne2 f5 55. Nf4 fxg4+ 1/2-1/2

[Event "España Tch-Primera Division Sur"]
[Site "Santa Cruz de Tenerife ESP"]
[Date "2006.08.23"]
[Round "1"]
[White "Hernandez Leon, Alberto"]
[Black "Areshchenko, Alexander"]
[Result "0-1"]
[WhiteElo "2170"]
[BlackElo "2641"]
[PlyCount "61"]
[EventDate "2006.08.23"]
[EventType "team"]
[EventRounds "2"]
[EventCountry "ESP"]
[Source "lmi"]
[SourceDate "2006.08.23"]
[WhiteTeam "C.A. ISLA BONITA - CAJACANARIAS"]
[BlackTeam "C.A. CAJA INSULAR DE AHORROS"]

1. e4 c5 2. Nf3 d6 3. d4 cxd4 4. Nxd4 Nf6 5. Nc3 a6 6. Bg5 e6 7. f4 h6 8. Bh4
Nbd7 9. Qf3 e5 10. Nf5 exf4 11. Bxf6 Nxf6 12. O-O-O Bxf5 13. exf5 Be7 14. Kb1
Rc8 15. Qxf4 Rxc3 16. bxc3 d5 17. Qa4+ b5 18. Qb3 Ne4 19. Bd3 Nc5 20. Qxd5 Qxd5
21. Bxb5+ axb5 22. Rxd5 Na4 23. Re5 Kd7 24. Rd1+ Bd6 25. Re3 Kc6 26. h3 Bc5 27.
Red3 Re8 28. Kc1 Re2 29. g4 Ba3+ 30. Kb1 Nb2 31. R3d2 0-1

[Event "España Tch-Primera Division Sur"]
[Site "Santa Cruz de Tenerife ESP"]
[Date "2006.08.23"]
[Round "1"]
[White "Lezcano Jaen, Pedro"]
[Black "Perez Felipe, Marcos Adrian"]
[Result "1-0"]
[WhiteElo "2376"]
[BlackElo "2383"]
[PlyCount "69"]
[EventDate "2006.08.23"]
[EventType "team"]
[EventRounds "2"]
[EventCountry "ESP"]
[Source "lmi"]
[SourceDate "2006.08.23"]
[WhiteTeam "C.A. CAJA INSULAR DE AHORROS"]
[BlackTeam "C.A. ISLA BONITA - CAJACANARIAS"]

1. c4 Nf6 2. g3 e5 3. Bg2 c6 4. Nf3 e4 5. Nd4 d5 6. cxd5 cxd5 7. d3 Bc5 8. Nb3
Bb4+ 9. Bd2 Bxd2+ 10. Qxd2 O-O 11. Nc3 Qe7 12. Rd1 Nc6 13. dxe4 dxe4 14. Qd6
Re8 15. O-O Bf5 16. Qf4 Qe5 17. Qxe5 Rxe5 18. Nd2 Re7 19. Nc4 Bg6 20. Ne3 Kf8
21. Rd2 Rd8 22. Rxd8+ Nxd8 23. Rd1 Nc6 24. Kf1 Ke8 25. Bh3 Ne5 26. Ned5 Nxd5
27. Nxd5 f5 28. Nxe7 Kxe7 29. Rd5 Ke6 30. Rd4 Ke7 31. Rd5 Ke6 32. Rd8 Nd7 33.
g4 Ke7 34. Rg8 Kf7 35. Rd8 1-0

[Event "España Tch-Primera Division Sur"]
[Site "Santa Cruz de Tenerife ESP"]
[Date "2006.08.23"]
[Round "1"]
[White "Majul Martinez, Isolina"]
[Black "Ortega Hermida, Daniel"]
[Result "1/2-1/2"]
[WhiteElo "2104"]
[BlackElo "2376"]
[PlyCount "167"]
[EventDate "2006.08.23"]
[EventType "team"]
[EventRounds "2"]
[EventCountry "ESP"]
[Source "lmi"]
[SourceDate "2006.08.23"]
[WhiteTeam "C.A. ISLA BONITA - CAJACANARIAS"]
[BlackTeam "C.A. CAJA INSULAR DE AHORROS"]

1. e4 c5 2. Nf3 e6 3. d4 cxd4 4. Nxd4 Nc6 5. Be3 Nf6 6. Bd3 e5 7. Nxc6 bxc6 8.
c4 d6 9. Qa4 Bd7 10. Qa6 Qb8 11. b3 d5 12. exd5 cxd5 13. O-O Ng4 14. Re1 Nxe3
15. Rxe3 Bc5 16. Nd2 Bxe3 17. fxe3 Qb4 18. Rd1 O-O 19. cxd5 Bg4 20. Be2 Rad8
21. Nf3 e4 22. Rd4 Qc5 23. Rxe4 Bxf3 24. Bxf3 Rxd5 25. Qc4 Qd6 26. Rg4 Rc5 27.
Qd4 Rc1+ 28. Kf2 Rc2+ 29. Be2 Qxd4 30. Rxd4 Rxa2 31. Kf3 g6 32. Bc4 Kg7 33. Rd7
Ra5 34. e4 g5 35. e5 Rxe5 36. Rxa7 h6 37. Rd7 Rf5+ 38. Kg3 Re8 39. h3 Re3+ 40.
Kh2 Rf4 41. Rb7 h5 42. Rb5 g4 43. hxg4 hxg4 44. g3 Rf2+ 45. Kg1 Rb2 46. Rg5+
Kf8 47. Rxg4 Re1+ 48. Bf1 Rxb3 49. Kf2 Rc1 50. Be2 Rcc3 51. Rf4 Rb6 52. Rf5 Kg7
53. Bf3 Rb2+ 54. Be2 Rb6 55. Re5 Rf6+ 56. Kg2 Rg6 57. g4 Re6 58. Rg5+ Kf8 59.
Bf3 Ree3 60. Rf5 Ke7 61. Kg3 Ke6 62. Rf4 f6 63. Rf5 Re5 64. Rf4 Kf7 65. Kf2 Kg6
66. Rd4 Kg5 67. Kg3 Ree3 68. Rf4 Re5 69. Rd4 Ra3 70. Rc4 Ra7 71. Rc3 Ra1 72.
Rb3 Rg1+ 73. Kf2 Rxg4 74. Bxg4 Kxg4 75. Rg3+ Kf5 76. Rf3+ Ke6 77. Rd3 f5 78.
Kf3 Ra5 79. Rd8 Ra3+ 80. Kf4 Ra4+ 81. Kf3 Ra3+ 82. Kf4 Ra4+ 83. Kf3 Ke7 84. Rb8
1/2-1/2

[Event "España Tch-Primera Division Sur"]
[Site "Santa Cruz de Tenerife ESP"]
[Date "2006.08.23"]
[Round "1"]
[White "Ramos Aguilar, Jose Manuel"]
[Black "Matamoros Franco, Carlos S"]
[Result "1-0"]
[WhiteElo "2253"]
[BlackElo "2544"]
[PlyCount "51"]
[EventDate "2006.08.23"]
[EventType "team"]
[EventRounds "2"]
[EventCountry "ESP"]
[Source "lmi"]
[SourceDate "2006.08.23"]
[WhiteTeam "C.A. EBANO"]
[BlackTeam "CLUB AJEDREZ LAURUS RONDA"]

1. d4 Nf6 2. c4 d6 3. Nc3 g6 4. e4 Bg7 5. h3 O-O 6. Bg5 c5 7. d5 e6 8. Bd3 exd5
9. cxd5 h6 10. Bf4 b5 11. Nxb5 Nxe4 12. Bxe4 Qa5+ 13. Nc3 Re8 14. Nge2 Rxe4 15.
O-O Bxc3 16. bxc3 Ba6 17. Re1 Bxe2 18. Rxe2 Rxf4 19. Re8+ Kh7 20. Qd2 Qa4 21.
Rae1 a5 22. Qb2 Qc4 23. Qb7 Qa6 24. Qe7 g5 25. g3 Nc6 26. dxc6 1-0

[Event "España Tch-Primera Division Sur"]
[Site "Santa Cruz de Tenerife ESP"]
[Date "2006.08.23"]
[Round "1"]
[White "Alonso, Rene"]
[Black "Mendivil Anton, Daniel"]
[Result "1/2-1/2"]
[WhiteElo "2380"]
[BlackElo "2267"]
[PlyCount "50"]
[EventDate "2006.08.23"]
[EventType "team"]
[EventRounds "2"]
[EventCountry "ESP"]
[Source "lmi"]
[SourceDate "2006.08.23"]
[WhiteTeam "CLUB AJEDREZ LAURUS RONDA"]
[BlackTeam "C.A. EBANO"]

1. d4 e6 2. Nf3 Nf6 3. c4 c5 4. e3 a6 5. Bd3 d5 6. O-O dxc4 7. Bxc4 b5 8. Bd3
Bb7 9. dxc5 Bxc5 10. Qe2 O-O 11. e4 e5 12. Nbd2 Nc6 13. Nb3 Bb6 14. Bg5 h6 15.
Bh4 Qd6 16. Rfd1 Qe6 17. Rac1 g5 18. Bg3 Nh5 19. Nc5 Nxg3 20. hxg3 Qe7 21. Nxb7
Qxb7 22. a4 Nd4 23. Nxd4 Bxd4 24. b3 Rab8 25. Rc2 Rfd8 1/2-1/2

[Event "España Tch-Primera Division Sur"]
[Site "Santa Cruz de Tenerife ESP"]
[Date "2006.08.23"]
[Round "1"]
[White "Marquez Abreu, Carlos"]
[Black "Perez Pardo, Juan Carlos"]
[Result "1/2-1/2"]
[WhiteElo "1970"]
[BlackElo "2330"]
[PlyCount "67"]
[EventDate "2006.08.23"]
[EventType "team"]
[EventRounds "2"]
[EventCountry "ESP"]
[Source "lmi"]
[SourceDate "2006.08.23"]
[WhiteTeam "C.A. EBANO"]
[BlackTeam "CLUB AJEDREZ LAURUS RONDA"]

1. Nf3 d5 2. d4 c5 3. e3 e6 4. c4 dxc4 5. Bxc4 Nf6 6. O-O a6 7. Nc3 b5 8. Bd3
Bb7 9. b3 Nc6 10. Bb2 cxd4 11. exd4 Be7 12. Rc1 Nb4 13. Bb1 O-O 14. a3 Nbd5 15.
Re1 Nxc3 16. Rxc3 b4 17. Rce3 bxa3 18. Ba1 Bd5 19. Ne5 Rb8 20. Rh3 g6 21. Ree3
Qc7 22. Reg3 Be4 23. Rc3 Qb7 24. Bxe4 Nxe4 25. Rcd3 Rbc8 26. d5 exd5 27. Ng4 h5
28. Nh6+ Kh7 29. Nf5 Nf6 30. Bxf6 Bxf6 31. Rxh5+ Kg8 32. Nh6+ Kg7 33. Nf5+ Kg8
34. Nh6+ 1/2-1/2

[Event "España Tch-Primera Division Sur"]
[Site "Santa Cruz de Tenerife ESP"]
[Date "2006.08.23"]
[Round "1"]
[White "Perera Gonzalez, Pablo"]
[Black "Vega Gutierrez, Sabrina Neide"]
[Result "0-1"]
[WhiteElo "2230"]
[BlackElo "2282"]
[PlyCount "126"]
[EventDate "2006.08.23"]
[EventType "team"]
[EventRounds "2"]
[EventCountry "ESP"]
[Source "lmi"]
[SourceDate "2006.08.23"]
[WhiteTeam "C.A. EL SAUZAL - RTE MARTINEZ"]
[BlackTeam "CLUB AJEDREZ ANAND"]

1. Nf3 d5 2. d4 c6 3. c4 e6 4. g3 Nf6 5. Bg2 Nbd7 6. O-O Bd6 7. Nc3 O-O 8. b3
b6 9. cxd5 Nxd5 10. Bb2 Ba6 11. Nd2 Rc8 12. Re1 Nxc3 13. Bxc3 c5 14. Ne4 Be7
15. e3 f5 16. Nd2 cxd4 17. Bxd4 e5 18. Bb2 Nc5 19. b4 Nd3 20. Qb3+ Kh8 21. Red1
Nxb2 22. Qxb2 Be2 23. Re1 Bd3 24. Rac1 Qd6 25. a3 e4 26. Rxc8 Rxc8 27. Rc1 Rc7
28. Rxc7 Qxc7 29. Qb3 b5 30. Qf7 g6 31. h4 Bd6 32. Qd5 Bc4 33. Qa8+ Kg7 34. Qe8
a6 35. Qa8 Qb6 36. g4 Be6 37. gxf5 gxf5 38. Qe8 Bf8 39. h5 Qd6 40. Nf1 Bf7 41.
Qc8 Qe6 42. Qb7 Bd6 43. Kh1 Be5 44. f4 exf3 45. Qxf3 Qf6 46. Bh3 f4 47. e4 Qh4
48. Qg2+ Kf6 49. h6 Qxh6 50. Nh2 Qg5 51. Ng4+ Ke7 52. Qf2 Ba1 53. e5 Kf8 54.
Nf6 Kg7 55. Ne4 Qxe5 56. Nd2 Bd4 57. Qg2+ Kh6 58. Qc6+ Bg6 59. Bg2 Qe1+ 60. Nf1
Qf2 61. Kh2 Be5 62. Kh3 Kg5 63. Qf3 Qh4# 0-1

[Event "España Tch-Primera Division Sur"]
[Site "Santa Cruz de Tenerife ESP"]
[Date "2006.08.23"]
[Round "1"]
[White "Vega Gutierrez, Belinda Vidina"]
[Black "Pinto Henriquez, Rodrigo"]
[Result "1-0"]
[WhiteElo "2207"]
[BlackElo "2208"]
[PlyCount "103"]
[EventDate "2006.08.23"]
[EventType "team"]
[EventRounds "2"]
[EventCountry "ESP"]
[Source "lmi"]
[SourceDate "2006.08.23"]
[WhiteTeam "CLUB AJEDREZ ANAND"]
[BlackTeam "C.A. EL SAUZAL - RTE MARTINEZ"]

1. e4 e5 2. Nf3 Nc6 3. Bb5 a6 4. Ba4 Nf6 5. O-O Be7 6. Re1 b5 7. Bb3 O-O 8. h3
Bb7 9. d3 d6 10. c3 Na5 11. Bc2 c5 12. Nbd2 Qc7 13. Nf1 Rae8 14. Ng3 Bc8 15.
Nh2 d5 16. Qf3 d4 17. Ng4 Nc6 18. Nf5 Bxf5 19. exf5 Qd6 20. a4 b4 21. cxb4 Nxg4
22. hxg4 Nxb4 23. Bb3 h6 24. Re4 Bg5 25. Bxg5 hxg5 26. Rae1 Nc6 27. Qe2 Rb8 28.
Bc4 Rb6 29. Qd2 Qd8 30. a5 Rb4 31. Bxa6 Qxa5 32. Bc4 Rxc4 33. Qxa5 Nxa5 34.
dxc4 f6 35. R4e2 Rb8 36. Rc2 Rb4 37. Kf1 Nb3 38. f3 Kf7 39. Ke2 Na5 40. Kd3
Rb3+ 41. Ke4 Ke7 42. Kd5 Rb7 43. Kxc5 Kd7 44. b4 Nb3+ 45. Kd5 Rxb4 46. Rb2 d3
47. Rd1 Rb6 48. c5 Rb5 49. Kc4 Kc6 50. Rxb3 Rxc5+ 51. Kxd3 Rd5+ 52. Ke2 1-0

[Event "España Tch-Primera Division Sur"]
[Site "Santa Cruz de Tenerife ESP"]
[Date "2006.08.23"]
[Round "1"]
[White "Fernandez Manrique, Agustin"]
[Black "Camino Carrio, Nicanor"]
[Result "1-0"]
[WhiteElo "2168"]
[BlackElo "2141"]
[PlyCount "59"]
[EventDate "2006.08.23"]
[EventType "team"]
[EventRounds "2"]
[EventCountry "ESP"]
[Source "lmi"]
[SourceDate "2006.08.23"]
[WhiteTeam "C.A. EL SAUZAL - RTE MARTINEZ"]
[BlackTeam "CLUB AJEDREZ ANAND"]

1. c4 Nf6 2. Nc3 g6 3. e4 d6 4. d4 Bg7 5. Be2 O-O 6. Nf3 e5 7. O-O Nc6 8. d5
Ne7 9. Bg5 h6 10. Bxf6 Bxf6 11. b4 Bg7 12. c5 c6 13. Rc1 cxd5 14. exd5 Nf5 15.
Ne4 dxc5 16. bxc5 Nd4 17. Nxd4 Qxd5 18. Bf3 Qxd4 19. Nd6 Rb8 20. Bd5 Be6 21.
Bxe6 fxe6 22. Qc2 b6 23. Qxg6 Rf6 24. Qb1 Rbf8 25. Rcd1 Qg4 26. c6 h5 27. c7 h4
28. h3 Qg5 29. Ne4 Qf4 30. Rd8 1-0

[Event "España Tch-Primera Division Sur"]
[Site "Santa Cruz de Tenerife ESP"]
[Date "2006.08.23"]
[Round "1"]
[White "Garcia Blanco, Omar"]
[Black "Marrero Martin, Miguel"]
[Result "1-0"]
[WhiteElo "2018"]
[BlackElo "1892"]
[PlyCount "89"]
[EventDate "2006.08.23"]
[EventType "team"]
[EventRounds "2"]
[EventCountry "ESP"]
[Source "lmi"]
[SourceDate "2006.08.23"]
[WhiteTeam "CLUB AJEDREZ ANAND"]
[BlackTeam "C.A. EL SAUZAL - RTE MARTINEZ"]

1. e4 e5 2. Nf3 Nc6 3. Bc4 Nf6 4. d3 Be7 5. c3 O-O 6. Nbd2 Kh8 7. Nf1 Ng8 8.
Ng3 d6 9. h3 f5 10. b4 f4 11. Nf1 Qe8 12. Qb3 a5 13. b5 a4 14. Qc2 Nd8 15. Rb1
Be6 16. N1d2 Qg6 17. Bxe6 Nxe6 18. O-O Nf6 19. Ba3 Nd7 20. d4 Rfe8 21. Qd3 d5
22. Bxe7 Rxe7 23. dxe5 dxe4 24. Qxe4 Qxe4 25. Nxe4 Nec5 26. Nxc5 Nxc5 27. Rbd1
h6 28. Rd4 Ne6 29. Rd5 b6 30. Nd4 Nxd4 31. cxd4 Kg8 32. Rc1 Ra7 33. Rc6 Kf7 34.
a3 Re6 35. Rd7+ Re7 36. Rxe7+ Kxe7 37. Kf1 Ra5 38. Rxc7+ Ke8 39. Rxg7 Rxb5 40.
Ra7 Rb1+ 41. Ke2 b5 42. d5 b4 43. d6 bxa3 44. e6 Rb8 45. Rh7 1-0

[Event "España Tch-Primera Division Sur"]
[Site "Santa Cruz de Tenerife ESP"]
[Date "2006.08.23"]
[Round "1"]
[White "Fernandez Gutierrez, Rafael"]
[Black "Almagro Mazariegos, Sebastian"]
[Result "1/2-1/2"]
[WhiteElo "2218"]
[BlackElo "2311"]
[PlyCount "44"]
[EventDate "2006.08.23"]
[EventType "team"]
[EventRounds "2"]
[EventCountry "ESP"]
[Source "lmi"]
[SourceDate "2006.08.23"]
[WhiteTeam "C.A. CAJAGRANADA"]
[BlackTeam "C.A. TIENDAS UPI B"]

1. Nf3 Nf6 2. c4 c6 3. b3 d5 4. Bb2 Bg4 5. d3 Nbd7 6. Nbd2 e6 7. g3 Bd6 8. Bg2
O-O 9. O-O e5 10. h3 Bh5 11. cxd5 cxd5 12. Rc1 Qe7 13. g4 Bg6 14. Nh4 Rac8 15.
Nxg6 hxg6 16. Rc2 Nb6 17. e3 Bb4 18. Nf3 Bd6 19. Rxc8 Rxc8 20. Qb1 Bb8 21. Rc1
Re8 22. Nd2 Qd6 1/2-1/2

[Event "España Tch-Primera Division Sur"]
[Site "Santa Cruz de Tenerife ESP"]
[Date "2006.08.23"]
[Round "1"]
[White "Sanchez Jimenez, Juan Carlos"]
[Black "Pertiñez Soria, Juan Luis"]
[Result "0-1"]
[WhiteElo "2289"]
[BlackElo "2170"]
[PlyCount "116"]
[EventDate "2006.08.23"]
[EventType "team"]
[EventRounds "2"]
[EventCountry "ESP"]
[Source "lmi"]
[SourceDate "2006.08.23"]
[WhiteTeam "C.A. TIENDAS UPI B"]
[BlackTeam "C.A. CAJAGRANADA"]

1. d4 Nf6 2. Nf3 e6 3. c4 b6 4. e3 Bb7 5. Bd3 d5 6. cxd5 exd5 7. O-O Bd6 8. Nc3
O-O 9. b3 Re8 10. Bb2 a6 11. Rc1 Nbd7 12. Ne2 Ne4 13. Ng3 g6 14. Qc2 Rc8 15.
Qe2 Ra8 16. Rc2 h5 17. Rfc1 h4 18. Nf1 c5 19. h3 b5 20. dxc5 Ndxc5 21. Qd1 Ne6
22. N1h2 Qe7 23. Ng4 Red8 24. Bxe4 dxe4 25. Bf6 Qf8 26. Nd4 Be7 27. Qe2 Rac8
28. Nxe6 fxe6 29. Rxc8 Rxc8 30. Rxc8 Bxc8 31. Qb2 Ba3 32. Qe5 Qd6 33. Qg5 Qd1+
34. Kh2 Bd6+ 35. Be5 Kf7 36. Qf6+ Ke8 37. Qxg6+ Kd7 38. Qh7+ Kc6 39. Qxe4+ Qd5
40. Qxd5+ exd5 41. Bxd6 Kxd6 42. b4 d4 43. exd4 Kd5 44. Ne3+ Kxd4 45. g3 Be6
46. a3 Kc3 47. g4 Kb2 48. f4 Kxa3 49. f5 Bb3 50. g5 Kxb4 51. g6 Kc5 52. Ng4 Kd6
53. g7 a5 54. f6 Kd7 55. Ne5+ Ke8 56. Kg2 a4 57. Kf3 a3 58. Kf4 a2 0-1

[Event "España Tch-Primera Division Sur"]
[Site "Santa Cruz de Tenerife ESP"]
[Date "2006.08.23"]
[Round "1"]
[White "Cuesta Bustos, Raul"]
[Black "Ruiz Jimenez, Francisco J"]
[Result "1/2-1/2"]
[WhiteElo "2165"]
[BlackElo "2218"]
[PlyCount "131"]
[EventDate "2006.08.23"]
[EventType "team"]
[EventRounds "2"]
[EventCountry "ESP"]
[Source "lmi"]
[SourceDate "2006.08.23"]
[WhiteTeam "C.A. CAJAGRANADA"]
[BlackTeam "C.A. TIENDAS UPI B"]

1. e4 d5 2. exd5 Qxd5 3. Nc3 Qa5 4. d4 Nf6 5. Nf3 Bg4 6. h3 Bh5 7. g4 Bg6 8.
Bc4 e6 9. Bd2 Bb4 10. Qe2 O-O 11. O-O-O Nc6 12. h4 Nxg4 13. h5 Bf5 14. Rdg1
Rfd8 15. Rh4 Nxd4 16. Nxd4 Rxd4 17. Rhxg4 Bxg4 18. Rxg4 Rad8 19. Rxd4 Rxd4 20.
a3 Bxc3 21. Bxc3 Qg5+ 22. Kb1 Rh4 23. Ka2 Rxh5 24. Qe4 c6 25. Qd4 Rh4 26. Qxa7
Qd8 27. Bb3 Qc8 28. Qe3 Rg4 29. Qh3 Rg6 30. Bc4 b5 31. Bd3 f5 32. Qe3 Qd7 33.
Qf4 h6 34. Be2 Rg2 35. Bf3 Rxf2 36. Bxc6 Rxf4 37. Bxd7 Kf7 38. Bxb5 g5 39. a4
g4 40. a5 g3 41. a6 g2 42. a7 g1=Q 43. a8=Q Qg8 44. Qa7+ Kg6 45. b3 h5 46. Be8+
Kg5 47. Bd2 Qxe8 48. Qg7+ Kh4 49. Bxf4 Qa8+ 50. Kb2 Qf3 51. Be5 Kh3 52. Qf6 Qd5
53. Qg7 h4 54. Bb8 Qe4 55. Qf6 Kg2 56. Qg5+ Kh3 57. Qg7 f4 58. Ba7 f3 59. Bd4
e5 60. Bf2 Qf4 61. Qg1 Qh2 62. Qxh2+ Kxh2 63. Bxh4 Kg2 64. Kc3 f2 65. Bxf2 Kxf2
66. Kd3 1/2-1/2

[Event "España Tch-Primera Division Sur"]
[Site "Santa Cruz de Tenerife ESP"]
[Date "2006.08.23"]
[Round "1"]
[White "Castillo Gallego, Sergio"]
[Black "Cabrera Ruiz, Luis"]
[Result "1-0"]
[WhiteElo "2189"]
[BlackElo "2029"]
[PlyCount "129"]
[EventDate "2006.08.23"]
[EventType "team"]
[EventRounds "2"]
[EventCountry "ESP"]
[Source "lmi"]
[SourceDate "2006.08.23"]
[WhiteTeam "TIENDAS UPI B"]
[BlackTeam "C.A. CAJAGRANADA"]

1. d4 d5 2. c4 e6 3. Nf3 c6 4. g3 Nf6 5. Bg2 Be7 6. O-O O-O 7. Nc3 Nbd7 8. b3
Re8 9. Qc2 b5 10. Nd2 Nb6 11. Bb2 bxc4 12. bxc4 Ba6 13. c5 Nc4 14. Nxc4 Bxc4
15. Qa4 Qc8 16. Rfb1 Bd8 17. Bf1 Qa6 18. Qxa6 Bxa6 19. Ba3 Ba5 20. Bb4 Bc7 21.
a3 Nd7 22. Na2 e5 23. Bc3 exd4 24. Bxd4 Be5 25. e3 Bxf1 26. Kxf1 Bxd4 27. exd4
Re4 28. Rb7 Nf6 29. Rd1 a5 30. Rc7 Re6 31. Rb1 Ne8 32. Rcb7 Re4 33. Rd1 Kf8 34.
Nc3 Re7 35. Rb6 Rc7 36. Ne2 Ke7 37. Nf4 Kd7 38. Nd3 f6 39. Nf4 g6 40. Re1 Ng7
41. h4 Rca7 42. g4 Re8 43. Rxe8 Nxe8 44. g5 fxg5 45. hxg5 Nc7 46. Nd3 Ra6 47.
Ne5+ Ke6 48. Rb7 Nb5 49. Nxc6 Rxc6 50. Rxb5 Kf5 51. Rb6 Rc7 52. f3 Kxg5 53. Rd6
Kf4 54. Kf2 Rb7 55. Rf6+ Kg5 56. Re6 Kf4 57. Rf6+ Kg5 58. Rb6 Rd7 59. Rb5 h5
60. c6 Rc7 61. Rxd5+ Kf4 62. Rd6 Kf5 63. d5 Rc8 64. Rd7 Rb8 65. c7 1-0

[Event "España Tch-Primera Division Sur"]
[Site "Santa Cruz de Tenerife ESP"]
[Date "2006.08.23"]
[Round "1"]
[White "Cano Sanchez, Josue"]
[Black "Jimenez Martinez, Jose Vicente"]
[Result "1/2-1/2"]
[WhiteElo "2273"]
[BlackElo "2199"]
[PlyCount "100"]
[EventDate "2006.08.23"]
[EventType "team"]
[EventRounds "2"]
[EventCountry "ESP"]
[Source "lmi"]
[SourceDate "2006.08.23"]
[WhiteTeam "C.A.TOTANA"]
[BlackTeam "CLUB AJEDREZ PARQUE SUR"]

1. d4 g6 2. Nf3 Bg7 3. g3 d6 4. Bg2 Nf6 5. O-O O-O 6. a4 a5 7. b3 c6 8. Bb2 Bf5
9. Nbd2 Re8 10. Nh4 d5 11. Nxf5 gxf5 12. e3 e6 13. f3 Na6 14. e4 dxe4 15. fxe4
Nxe4 16. Nxe4 fxe4 17. Bxe4 f5 18. Bg2 Qc7 19. c3 Rad8 20. Qh5 Qb6 21. Rab1 Nc7
22. g4 Nd5 23. gxf5 Nf6 24. Qd1 e5 25. Kh1 Kh8 26. Qc2 exd4 27. cxd4 Nd5 28.
Qc5 Qxc5 29. dxc5 Bxb2 30. Rxb2 Ne3 31. Rg1 Nxf5 32. b4 Ne3 33. bxa5 Ra8 34.
Rxb7 Nxg2 35. Rxg2 Re1+ 36. Rg1 Rxg1+ 37. Kxg1 Rxa5 38. Kg2 Rxc5 39. Ra7 Rc3
40. a5 Ra3 41. a6 c5 42. Kf2 c4 43. Ke2 c3 44. Kd3 Kg8 45. h4 h5 46. Kc2 Kh8
47. Ra8+ Kg7 48. Ra7+ Kg8 49. Ra8+ Kg7 50. a7 Kh7 1/2-1/2